After Effects and Photoshop : animation and production effects for DV and film
In this second edition to his bestselling book, TV and movie graphics veteran Jeff Foster provides all-new information on After Effects 7 and Photoshop CS2—plus expanded coverage of blue/green screening and titling, beautiful new images, and innovative real-world solutions for today's professio...
Đã lưu trong:
| Hovedforfatter: | |
|---|---|
| Format: | Bog |
| Sprog: | Undetermined |
| Udgivet: |
Indianapolis, Ind.
John Wiley
2006
|
| Fag: | |
| Tags: |
Tilføj Tag
Ingen Tags, Vær først til at tagge denne postø!
|
| Thư viện lưu trữ: | Trung tâm Học liệu Trường Đại học Cần Thơ |
|---|
| LEADER | 01171nam a2200229Ia 4500 | ||
|---|---|---|---|
| 001 | CTU_164207 | ||
| 008 | 210402s9999 xx 000 0 und d | ||
| 020 | |c 30.90 | ||
| 082 | |a 006.686 | ||
| 082 | |b F754 | ||
| 100 | |a Foster, Jeff | ||
| 245 | 0 | |a After Effects and Photoshop : | |
| 245 | 0 | |b animation and production effects for DV and film | |
| 245 | 0 | |c eff Foster | |
| 260 | |a Indianapolis, Ind. | ||
| 260 | |b John Wiley | ||
| 260 | |c 2006 | ||
| 520 | |a In this second edition to his bestselling book, TV and movie graphics veteran Jeff Foster provides all-new information on After Effects 7 and Photoshop CS2—plus expanded coverage of blue/green screening and titling, beautiful new images, and innovative real-world solutions for today's professionals. Better than ever, this must-have reference is still the only guide that shows how to use these two superpower programs together to achieve professional results. | ||
| 650 | |a Cinematography,Kỹ thuật quay phim | ||
| 650 | |x Special effects,Data processing,Hiệu ứng đặc biệt,Xử lý dữ liệu | ||
| 904 | |i Năm | ||
| 980 | |a Trung tâm Học liệu Trường Đại học Cần Thơ | ||